[Event "IBCA Wch blind 10th"]
[Site "Istanbul"]
[Date "2002.11.22"]
[Round "3"]
[White "Papadopoulos, Christos"]
[Black "Safahi, Malehe"]
[Result "1/2-1/2"]
[WhiteElo "1800"]
[BlackElo "1800"]
[PlyCount "118"]
[EventDate "2002.11.20"]
[EventType "swiss"]
[EventRounds "9"]
[EventCountry "TUR"]
[SourceTitle "EXT 2004"]
[Source "ChessBase"]
[SourceDate "2003.11.25"]
[SourceVersion "1"]
[SourceVersionDate "2003.11.25"]
[SourceQuality "1"]

1. e4 c6 2. d4 d5 3. Nc3 dxe4 4. Nxe4 Nd7 5. Nf3 Ngf6 6. Ng3 e6 7. Be2 Bd6 8. 0-0 0-0 9. c4 c5 10. dxc5 Bxc5 11. a3 a5 12. Bd2 Qe7 13. Bc3 Rd8 14. Qc2 Nf8 15. Rad1 b6 16. Bd3 Bb7 17. Ng5 Ng6 18. N5e4 Nxe4 19. Nxe4 Bd4 20. Bxd4 Rxd4 21. Ng3 Rd7 22. Qc3 Qf6 23. Qc2 Rad8 24. Bxg6 Qxg6 25. Qxg6 hxg6 26. Rxd7 Rxd7 27. Rc1 a4 28. Ne2 Rd2 29. Nc3 Bc6 30. Nd1 Kf8 31. Kf1 Rd4 32. f3 Ke7 33. Ke2 Kd6 34. Ne3 f5 35. Rc3 Kc5 36. Nf1 Rxc4 37. Kd2 Rxc3 38. Kxc3 g5 39. Nd2 Bd5 40. Kd3 e5 41. g3 e4+ 42. fxe4 Bxe4+ 43. Kc3 Bd5 44. Kd3 g4 45. Ke3 g5 46. Kd3 f4 47. Nb1 Bc4+ 48. Ke4 f3 49. Ke3 Bd5 50. Nd2 b5 51. Nf1 Bc4 52. Nd2 Bd5 53. Nf1 b4 54. axb4+ Kxb4 55. Nd2 Bc4 56. Kf2 Bd5 57. Ke3 Kc5 58. Nf1 Bc4 59. Nd2 Bd5 1/2-1/2